Ríos de Asia - muerte súbita - Estadísticas

Estadísticas generales
  • Esta prueba ha sido intentada 316 veces
  • La puntuación promedio es 7 de 16
Answers on the Grid
Answers color-coded by a green-red scale on the quiz's grid according to % correct below.
Indo
Kolimá
Amur
Amu Daria
Mekong
Amarillo
Brahmaputra
Irtish
Sir Daria
Perla
Songhua
Han
Jordán
Helmand
Salween
Ganges
Purús
Athabasca
Pilcomayo
Ubangui
Kasai
Caquetá
Rojo
de la Paz
 
Estadísticas de respuestas
Respuesta % Correcto
Ganges
75%
Indo
72%
Amarillo
70%
Mekong
70%
Jordán
66%
Brahmaputra
54%
Amur
47%
Amu Daria
44%
Han
43%
Sir Daria
39%
Songhua
36%
Irtish
21%
Perla
21%
Kolimá
15%
Salween
14%
Helmand
8%
No se encontraron pruebas coincidentes
Distribución de puntuación
Porcentaje de gente con cada puntuación
Porcentaje por número respondido
Historial de tus puntuaciones
No has intentado esta prueba.